000 02356cam a22003734a 4500
001 13809335
003 OSt
005 20220728112617.0
008 041208s2006 caua 001 0 eng
010 _a 2004117505
020 _a0782144020
020 _a9780782144024
040 _aDLC
_cLC
_dDLC
050 0 0 _aQA76.9.C55.G97
082 0 0 _a005.75/85
_222
100 1 _aGunderloy, Mike.
_917
245 1 0 _aMastering Microsoft SQL server 2005. /
_bMike Gunderloy, Susan Sales Harkins.
250 _aExpress ed.
260 _aIndianapolis, Indiana :
_bWiley Publishing,
_c2006.
300 _axxii, 576 p. :
_bill. ;
_c23 cm. +
500 _aIncludes index.
505 _aContents: Introducing SQL server express: Introduction to SQL server express -- Overview of database concepts -- Overview of SQL server express -- Database design and normalization -- Transact-SQL overview and basics -- Select queries -- Action queries -- Topics in advanced transact-SQL -- Digging into SQL server express: Using management studio express -- Databases -- Tables -- Indexing -- Views -- Stored procedures -- Using triggers -- Administering SQL server express: Basic administrative tasks -- Security and SQL server express -- Developing applications with SQL server express: Working with visual basic express -- Accessing data using ADO.NET -- Automating SQL server express using SMO and RMO -- Advanced SQL server express administration: Locking -- Monitoring and optimizing SQL server express -- Replication -- Service broker -- Troubleshooting --
630 0 0 _aSQL server.
_918
650 0 _aDatabase design.
_919
650 0 _aRelational databases.
_920
700 1 _aHarkins, Susan Sales.
_921
856 4 1 _3Table of contents only
_uhttp://www.loc.gov/catdir/toc/fy0705/2004117505.html
856 4 2 _3Contributor biographical information
_uhttp://www.loc.gov/catdir/enhancements/fy0661/2004117505-b.html
856 4 2 _3Publisher description
_uhttp://www.loc.gov/catdir/enhancements/fy0661/2004117505-d.html
906 _a7
_bcbc
_corigres
_d2
_eepcn
_f20
_gy-gencatlg
942 _2lcc
_cBK
999 _c9099
_d16599